Obrana Slovenska časopis hnutia mladého Slovenska - Slovenská obrana

Bibliographic Details
Other Authors: Dvorník, František, 1893-1975 (Publishing director)
Format: Newspaper
Language:Slovak
Czech
PhysicalDescription:8 zv. 48 x 32 cm
Published: Bratislava Hodonín Ant. Václav Hodonín 1932-1939
Bratislava Andrej Plško
Praha Bratislava František Dvorník
Praha
Bratislava
Subjects:

MARC

LEADER 00000cas a2200000 a 4500
001 vtls010300319
003 SK-MaSNL
005 20260228163024.0
008 110810d19321939xr wr ne 0 b0slo d
040 |a SNK  |b slo  |c SNK  |e AACR2 
041 0 |a slo  |a cze 
044 |a xo  |c SK  |a xr  |c CZ 
072 7 |a 32  |x Politika  |2 konspekt 
072 7 |a 330.53+338  |x Národné hospodárstvo a hospodárska politika  |2 konspekt 
080 |a 32  |2 2011 
080 |a 329(051)  |2 2011 
080 |a 050  |2 2011 
080 |a 330.5+338  |2 2011 
245 0 0 |a Obrana Slovenska  |b časopis hnutia mladého Slovenska - Slovenská obrana 
260 |a Bratislava  |a Hodonín  |b Ant. Václav Hodonín  |c 1932-1939 
260 2 |3 11/1932-5/1933  |a Bratislava  |b Andrej Plško 
260 2 |3 7/1933-14/1933  |a Praha  |a Bratislava  |b František Dvorník 
260 3 |3 15/1933-1939  |a Praha  |b František Dvorník 
260 2 |3 6/1933  |a Bratislava  |b František Dvorník 
300 |a 8 zv.  |c 48 x 32 cm 
310 |a 1x týždenne  |b 1934-1939 
321 |a 2x mesačne  |b 11/1932-1933 
321 |a 3x mesačne  |b 1932-10/1932 
362 0 |a Č. 1 (15.1.1932)-roč. VIII, č. 11 (25.3.1939) 
500 |a Tlač. Emil Pouchlý, Hodonín ; od č. 11 (11. sept. 1932) nájomci G. A. Bežo, Trnava ; od č. 7 (2. apr. 1933) Grafické závody Gráf a Stricker, Praha ; od č. 1 (15. dec. 1934) Palásek a Kraus, Praha ; od č. 6 (12. júla 1936) Kníhtlač. O. Nigrina, Benešov u Prahy ; od č. 16 (1. mája 1938) Al. Fišer, Praha [do č. 6.-7./(18.2.1939)] ; Ferd. Slabihoudek [od č. 8.-9./(4.3. 939)] 
500 |a Hlavný redaktor: František Dvorník 
500 |a Zmena podnázvu: č. 5-11/1932, s programom - "Blaho Slovenska - Najvyšším zákonom!" ; č. 7-14/1933, neodvislý časopis pre Dohodu Slovákov a Čechov ; 15/1933-7/1934, nezávislý týždeník pre Dohodu Slovákov a Čechov ; 1/1934-1935-12/1935, politicko-hospodársky týždeník ; 7/1936-6/1937, samostatný týždeník pre politiku a národné hospodárstvo ; 7/1937-7/1939, demokratický týždeník pre politiku a národné hospodárstvo ; 8-11/1939, nezávislý týždeník pre politiku a národné hospodárstvo 
515 |a Niektoré čísla vychádzaj ako dvojčíslo 
525 |a Mal nesamostatnú prílohu Bratislavské hlasy 
546 |a Text aj v češ. 
650 0 7 |a politika  |2 SNKPH  |9 968 
650 |a národné hospodárstvo  |2 SNKPH  |9 846 
655 7 |a časopisy politických strán a hnutí  |2 SNKPH  |9 237919 
700 1 |a Dvorník, František,  |d 1893-1975  |4 pbd  |9 126206 
910 |a snk 
916 |a 1932-1939 
999 |c 8743  |d 10673 
952 |0 0  |1 0  |4 0  |7 0  |a SNK  |b SNK  |d 2005-10-21  |f 1  |i snk 125/41  |l 0  |o snkČSA 94/8/1939  |p 17A0486691  |r 2026-02-21 19:30:15  |t č. 1-11  |w 2026-02-21  |y PREZ 
952 |0 0  |1 0  |4 0  |7 0  |a SNK  |b SNK  |d 2023-02-02  |f 1  |i snk 1962/38  |l 0  |o snkČSA 94/5/1936  |p 17A0722585  |r 2026-02-21 20:11:54  |t č. 1-12, neúplné  |w 2026-02-21  |y PREZ  |z Chýba č. 6,11 
952 |0 0  |1 0  |4 0  |7 0  |8 5  |a SNK  |b SNK  |d 2014-02-24  |i snkF 2932/73  |l 0  |o snkČSA 94/2/1933 D1  |p 17A1023975  |r 2026-02-21 20:32:18  |t č. 1-19, neúplné  |w 2026-02-21  |y PREZ  |z Chýba č. 1-2, 18-19 
952 |0 0  |1 0  |4 0  |7 0  |a SNK  |b SNK  |d 2012-11-09  |f 1  |i snk 1961/38  |l 0  |o snkČSA 94/4/1934-1935  |p 17A1050870  |r 2026-02-21 21:02:21  |t č. 1-16  |w 2026-02-21  |y PREZ 
952 |0 0  |1 0  |4 0  |7 0  |a SNK  |b SNK  |d 1998-08-19  |f 1  |l 0  |o snkČSA 94/3/1934  |p 17A0155116  |r 2005-01-02 00:00:00  |t č. 1-7  |w 2026-02-21  |y PREZ 
952 |0 0  |1 0  |4 0  |7 0  |a SNK  |b SNK  |d 2002-03-26  |f 1  |i snk 537/39  |l 0  |o snkČSA 94/6/1937  |p 17A0337922  |r 2005-01-02 00:00:00  |t č. 1-30  |w 2026-02-21  |y PREZ 
952 |0 0  |1 0  |4 0  |7 0  |a SNK  |b SNK  |d 2002-06-19  |f 1  |i snk 111/41  |l 0  |o snkČSA 94/7/1938  |p 17A0346309  |r 2005-01-02 00:00:00  |t č. 1-35, neúplné  |w 2026-02-21  |y PREZ  |z Chýba č. 32-33 
952 |0 0  |1 0  |4 0  |7 0  |a SNK  |b SNK  |d 1999-07-01  |f 1  |i snk 1294/33  |l 0  |o snkČSA 94/1932  |p 17A0199991  |r 2005-01-02 00:00:00  |t č. 1-18  |w 2026-02-21  |y PREZ 
952 |0 0  |1 0  |4 0  |7 0  |a SNK  |b SNK  |d 1999-07-01  |f 1  |i snk 1775/43  |l 0  |o snkČSA 94/2/1933  |p 17A0199989  |r 2005-01-02 00:00:00  |t č. 1-19  |w 2026-02-21  |y PREZ 
952 |0 0  |1 0  |4 0  |7 0  |8 5  |a SNK  |b SNK  |d 2007-01-15  |i snkF 2933/78  |l 0  |o snkČSA 94/1/1932 D1  |p 17A0532801  |r 2026-02-21 21:42:18  |t č. 1-18, neúplné  |w 2026-02-21  |y PREZ  |z Chýba č. 1, 3-5, 9-10, 14